Válcování ocelových pásů za studena

Guardado en:
Detalles Bibliográficos
Autor principal: Wiesner, František (Autor)
Formato: Libro
Lenguaje:checo
Publicado: Praha : SNTL, 1976
Edición:3. vyd.
Materias:
Etiquetas: Agregar Etiqueta
Sin Etiquetas, Sea el primero en etiquetar este registro!

MARC

LEADER 00000nam a22000003a 4500
001 stu86543
005 20150617225629.6
008 040503s1976----cs------------------cze-d
040 |a STU  |b slo 
041 0 |a cze 
044 |a cs 
080 |a 621.77 
100 1 |a Wiesner, František  |4 aut 
245 1 |a Válcování ocelových pásů za studena 
250 |a 3. vyd. 
260 |a Praha :  |b SNTL,  |c 1976 
300 |a 310 s 
650 7 |a valcovanie za studena  |2 stusub 
996 |b 284J020608  |c J*48962  |l JJSK  |s A  |a 24  |w stu86543_0001 
996 |b 284J020609  |c J*48963  |l JJSK  |s A  |a 24  |w stu86543_0002 
996 |b 284J020607  |c J*48961  |l JJSK  |s A  |a 24  |w stu86543_0003